| 000 | 00883nam a2200277 a 4500 | ||
|---|---|---|---|
| 001 | 000111726 | ||
| 003 | CHAP | ||
| 005 | 20220329144226.0 | ||
| 008 | 150722s2014 mx |rm |0|||||spa d | ||
| 010 | _a108187 | ||
| 011 | _a109159 | ||
| 040 | _cCHAP | ||
| 090 | _aTesis | ||
| 100 | 1 |
_aLagunas Vicencio, Jessica _9129669 |
|
| 245 | 1 | 0 |
_aPotencial productivo de variedades de amaranto (Amaranthus hypochondriacus L.) en el Valle de Cocula, Gro. / _cpor Jessica Lagunas Vicencio. |
| 260 |
_aCocula, Gro. : _bEl autor, _c2014. |
||
| 300 | _axiii, 61 h. | ||
| 502 | _aTesis (Ing. Agr. en Fitotecnia) -- CSAEGRO. Centro de Estudios Profesionales | ||
| 590 |
_aE5765TAJ _b05 _c20150722 _lUCH01 _h1120 |
||
| 650 | 1 | 4 |
_aAmaranto _xGenética. _95126 |
| 650 | 1 | 4 |
_aAmaranto _xRendimiento. _95140 |
| 650 | 1 | 4 |
_aAmaranto _xSemilla. _95142 |
| 901 | _aBK | ||
| 942 | _cTESIS | ||
| 942 | _n0 | ||
| 999 |
_c108187 _d108187 |
||